书目信息 |
| 题名: |
微生物学与免疫学基础
|
|
| 作者: | 姚堃 主编 | |
| 分册: | ||
| 出版信息: | 北京 科学出版社 2000 |
|
| 页数: | 362页 | |
| 开本: | 26cm | |
| 丛书名: | ||
| 单 册: | ||
| 中图分类: | R392 , Q93-43 | |
| 科图分类: | ||
| 主题词: | 微生物学--高等教育--教材 , 免疫学--高等教育--教材 | |
| 电子资源: | ||
| ISBN: | 7-03-008430-6 | |
| 000 | 01085nam0 2200265 450 | |
| 001 | CAL 012001426004 | |
| 005 | 20070620150724.35 | |
| 010 | @a7-03-008430-6@dCNY29.90 | |
| 100 | @a20011101d2000 em y0chiy0110 ea | |
| 101 | 0 | @achi |
| 102 | @aCN@b110000 | |
| 105 | @aak z 000yy | |
| 200 | 1 | @a微生物学与免疫学基础@AWei Sheng Wu Xue Yu Mian Yi Xue Ji Chu@f姚堃主编 |
| 210 | @a北京@c科学出版社@d2000 | |
| 215 | @a362页@c图@d26cm | |
| 300 | @a全国高等教育自学考试指定教材,护理学专业(专科) | |
| 304 | @a附:微生物学与免疫学基础自学考试大纲,全国高等教育自学考试指导委员会组编。 | |
| 330 | @a本书分为四篇,医学免疫学基础:主要介绍免疫学的基本概念、基本理论和基本技能及在疾病诊断和防治中的应用。细菌学:主要介绍细菌的基本结构,生长繁殖,遗传变异等。病毒学:主要介绍病毒的基本概念、特性,病毒感染和免疫等。其它病原微生物:介绍支原体、衣原体、真菌等。 | |
| 606 | 0 | @a微生物学@x高等教育@j教材 |
| 606 | 0 | @a免疫学@x高等教育@j教材 |
| 690 | @aR392@v4 | |
| 690 | @aQ93-43@v4 | |
| 701 | 0 | @a姚堃@AYao Kun@c(微生物学)@4主编 |
| 801 | 0 | @aCN@bPFT@c20070620 |
| 905 | @a10447@dQ93-43@e59 | |
| 微生物学与免疫学基础/姚堃主编.-北京:科学出版社,2000 |
| 362页:图;26cm |
| 全国高等教育自学考试指定教材,护理学专业(专科) |
| ISBN 7-03-008430-6:CNY29.90 |
| 本书分为四篇,医学免疫学基础:主要介绍免疫学的基本概念、基本理论和基本技能及在疾病诊断和防治中的应用。细菌学:主要介绍细菌的基本结构,生长繁殖,遗传变异等。病毒学:主要介绍病毒的基本概念、特性,病毒感染和免疫等。其它病原微生物:介绍支原体、衣原体、真菌等。 |
| ● |
| 相关链接 |
|
|
|
|
正题名:微生物学与免疫学基础
索取号:Q93-43/59
 
预约/预借
| 序号 | 登录号 | 条形码 | 馆藏地/架位号 | 状态 | 备注 |
| 1 | 0655351 | 206553512 | 第二样本阅览室/ [索取号:Q93-43/59] | 在馆 |